000 00739nam a2200217 a 4500
005 20220622111647.0
008 991125c1972 mx 000 0 spa u
035 _aUPN01000037077
049 _aCG
050 4 _aLB1645 M6.2
_bJ6.58
100 1 _aJohnson, Richard E.
245 1 0 _aMatemática III :
_bálgebra /
_cRichard E. Johnson, Lona Lee Lendsey, William E. Slesnick ; tr. Mariano García.
260 _aMéxico :
_bFondo Educativo Interamericano,
_cc1972.
300 _axi, 612 p. :
_bil.
440 0 _aMatemática moderna
500 _a"Para nivel secundaria"
650 4 _aAlgebra
_xEstudio y enseñanza (Secundaria)
_92078
700 1 _aLendsey, Lona Lee,
_ecoaut.
700 1 _aSlesnick, William E.,
_ecoaut.
905 _aLibro
999 _c37077
_d37077